Implementing excellence in your health care organization (رقم التسجيلة. 25949)

تفاصيل مارك
000 -الفاتح
حقل البيانات ثابتة الطول 01681cam a2200409Ia 4500
001 - رقم الضبط
رقم الضبط 9172627
003 - محدد رقم الضبط
رقم الضبط OSt
005 - وقت وتاريخ اخر تعامل مع التسجيلة
رقم الضبط 20150408114059.0
006 - عناصر البيانات ثابتة الطول - خصائص المادة الاضافية-معلومات عامة
حقل البيانات ثابتة الطول m u
007 - الحقل الثابت للوصف المادى- معلومات عامة
حقل البيانات ثابتة الطول cr cn|||||||||
008 - عناصر البيانات ثابتة الطول - معلومات عامة
حقل البيانات ثابتة الطول 100315s2010 enka sb 001 0 eng d
020 ## - الرقم الدولى المعيارى للكتب
الرقم الدولى المعيارى للكتاب الملغى /الخاطئ 9780335234769 (cased)
020 ## - الرقم الدولى المعيارى للكتب
الرقم الدولى المعيارى للكتاب الملغى /الخاطئ 0335234763 (cased)
020 ## - الرقم الدولى المعيارى للكتب
الرقم الدولى المعيارى للكتاب الملغى /الخاطئ 9780335234776 (pbk.)
020 ## - الرقم الدولى المعيارى للكتب
الرقم الدولى المعيارى للكتاب الملغى /الخاطئ 0335234771 (pbk.)
035 ## - رقم ضبط النظام
رقم ضبط النظام (CaPaEBR)ebr10413333
035 ## - رقم ضبط النظام
رقم ضبط النظام (NNC)9172627
040 ## - مصدر الفهرسة
وكالة الفهرسة الأصلية CaPaEBR
وكالة النسخ CaPaEBR
050 14 - رقم طلب مكتبة الكونجرس
رقم التصنيف RA399.G7
رقم المادة I67 2010eb
082 04 - رقم تصنيف ديوى العشرى
رقم التصنيف 362.1068
رقم الطبعة 22
رقم المادة IME
245 00 - بيان العنوان
العنوان Implementing excellence in your health care organization
الوسيط [electronic resource] :
بقية العنوان managing, leading and collaborating /
بيان المسئوليه,etc edited by Rob Mcsherry and Jerry Warr.
260 ## - PUBLICATION, DISTRIBUTION, ETC. (IMPRINT)
مكان الناشر او الموزع Maidenhead :
اسم الناشر او الموزع McGraw-Hill Open University Press,
تاريخ النشر أو التوزيع 2010.
300 ## - الوصف المادى
التعداد xvi, 199 p. :
تفاصيل ماديه اخرى للوعاء ill.
490 1# - بيان السلسلة
عنوان السلسلة Excellence in practice development in health and social care
504 ## - تبصرة ببليوجرافية
تبصرة ببليوجرافية,الخ Includes bibliographical references and index.
533 ## - تبصرة الاستنساخ
نوع الاستنساخ Electronic reproduction.
مكان الاستنساخ Palo Alto, Calif. :
الوكالة المسؤولة عن الاستنساخ ebrary,
تاريخ الاستنساخ 2011.
تبصرة بخصوص الاستنساخ Available via World Wide Web.
-- Access may be limited to ebrary affiliated libraries.
650 #0 - المدخل الاضافى بالموضوع-مصطلح موضوعى
مصطلح موضوعي أو اسم جغرافي كعنصر مدخل Health services administration
التقسيم الفرعي الجغرافي Great Britain.
9 (RLIN) 17210
650 #0 - المدخل الاضافى بالموضوع-مصطلح موضوعى
مصطلح موضوعي أو اسم جغرافي كعنصر مدخل Health services administration
التقسيم الفرعي العام Quality control
التقسيم الفرعي الجغرافي Great Britain.
9 (RLIN) 17211
655 #7 - مصطلح تكشيفى-نوع/شكل
بيانات النوع/ الشكل أو المصطلح الأساسي Electronic books.
مصدر المصطلح local
9 (RLIN) 4135
700 1# - المدخل الاضافى - اسم شخصى
الإسم الشخصى McSherry, Robert.
9 (RLIN) 17212
700 1# - المدخل الاضافى - اسم شخصى
الإسم الشخصى Warr, Jerry.
9 (RLIN) 17213
710 2# - المدخل الاضافى - اسم هيئه
اسم الهيئة أو اسم السلطة كمدخل ebrary, Inc.
9 (RLIN) 4138
830 #0 - المدخل الاضافى بالسلسلة -عنوان موحد
عنوان موحد Excellence in practice development in health and social care.
9 (RLIN) 17214
856 40 - الوصول و الموقع الالكترونى
معرف المصدر الموحد <a href="http://www.columbia.edu/cgi-bin/cul/resolve?clio9172627">http://www.columbia.edu/cgi-bin/cul/resolve?clio9172627</a>
تبصرة عامة Click here for full text.
942 ## - عناصر المدخل الإضافي( كوها)
مصدر التصنيف او مخطط الترفيف Dewey Decimal Classification
Koha [default] item type DVD
المقتنيات
حالة الفقد نموذج السعر الفعال حالة تلف ليس للاعارة رقم الطلب تاريخ الاكتساب الموقع الحالي الباركود الفرع الرئيسي Date last seen نوع المادة فى نظام كوها مصدر التصنيف او خطة الترفيف Total Checkouts
  2013-03-10     362.1068 IME 2012-09-18 المكتبة المركزية بالمجمعة (CL) 00400012 المكتبة المركزية بالمجمعة (CL) 2013-03-10 كتاب Dewey Decimal Classification  
  2013-03-10     362.1068 IME 2012-12-26 المكتبة المركزية بالمجمعة (CL) 00401141 المكتبة المركزية بالمجمعة (CL) 2013-03-10 كتاب Dewey Decimal Classification  
  2013-03-10     362.1068 IME 2012-12-26 المكتبة المركزية بالمجمعة (CL) 00401142 المكتبة المركزية بالمجمعة (CL) 2013-03-10 كتاب Dewey Decimal Classification